Principles of Microeconomics (Record no. 11148)

MARC details
000 -LEADER
fixed length control field 00471nam a22001697a 4500
003 - CONTROL NUMBER IDENTIFIER
control field OSt
008 - FIXED-LENGTH DATA ELEMENTS--GENERAL INFORMATION
fixed length control field 220414b ||||| |||| 00| 0 eng d
020 ## - INTERNATIONAL STANDARD BOOK NUMBER
International Standard Book Number 9780198062301
082 ## - DEWEY DECIMAL CLASSIFICATION NUMBER
Classification number 338.5
100 ## - MAIN ENTRY--PERSONAL NAME
Personal name SALVATORE, Dominick
245 ## - TITLE STATEMENT
Title Principles of Microeconomics
250 ## - EDITION STATEMENT
Edition statement 15th International Version Edition
260 ## - PUBLICATION, DISTRIBUTION, ETC. (IMPRINT)
Place of publication, distribution, etc New Delhi
Name of publisher, distributor, etc Oxford University Press
Date of publication, distribution, etc 2021
300 ## - PHYSICAL DESCRIPTION
Extent 633
650 ## - SUBJECT ADDED ENTRY--TOPICAL TERM
Topical term or geographic name as entry element Principles of Microeconomics (Economics)
942 ## - ADDED ENTRY ELEMENTS (KOHA)
Source of classification or shelving scheme Dewey Decimal Classification
Koha item type Text Books
942 ## - ADDED ENTRY ELEMENTS (KOHA)
-- 2
Holdings
Withdrawn status Lost status Source of classification or shelving scheme Damaged status Not for loan Collection code Home library Current library Date acquired Source of acquisition Currency Cost, normal purchase price Bill Number Total Checkouts Full call number Acc. no. / Barcode Date last seen Actual Cost, discounted price Bill Date Koha item type Date last borrowed
    Dewey Decimal Classification     B.A Economics PIET NCR College Library PIET NCR College Library 01/04/2022 Kirti Prakashan Indian Rup 1350.00 IN10   338.5 N2288 14/04/2022 918.00 01/04/2022 Text Books  
    Dewey Decimal Classification     B.A Economics PIET NCR College Library PIET NCR College Library 01/04/2022 Kirti Prakashan Indian Rup 1350.00 IN10 1 338.5 N2289 26/05/2022 918.00 01/04/2022 Text Books 25/05/2022
    Dewey Decimal Classification     B.A Economics PIET NCR College Library PIET NCR College Library 01/04/2022 Kirti Prakashan Indian Rup 1350.00 IN10   338.5 N2290 14/04/2022 918.00 01/04/2022 Text Books  
    Dewey Decimal Classification     B.A Economics PIET NCR College Library PIET NCR College Library 01/04/2022 Kirti Prakashan Indian Rup 1350.00 IN10 1 338.5 N2291 25/05/2022 918.00 01/04/2022 Text Books 11/05/2022
    Dewey Decimal Classification     B.A Economics PIET NCR College Library PIET NCR College Library 01/04/2022 Kirti Prakashan Indian Rup 1350.00 IN10   338.5 N2292 14/04/2022 918.00 01/04/2022 Text Books  

Design & Developed by: PIET Central Library
R70 Miles Stone Pattikalyana Samalkha Panipat 132102
mail ID :- [email protected], Phone No:- 0180-2569700 Ex.216